| 000 | 00393nam a2200109Ia 4500 | ||
|---|---|---|---|
| 008 | 171204s9999 xx 000 0 und d | ||
| 245 | _aRethinking Management: Confronting the Roots and Consequences of Current Theory and Practice: | ||
| 245 | _cNeil Douglas and Terry Wykowski | ||
| 260 | _c2017 | ||
| 650 | _xPRINCIPLES OF MANAGEMENT | ||
| 856 | _uhttp://down.ebook777.com/061/9783319419015.pdf | ||
| 999 |
_c345742 _d345742 |
||